<?xml version="1.0" encoding="UTF-8"?>
<marc:record xmlns:marc="http://www.loc.gov/MARC21/slim">
   <marc:leader>00000nam a2200000 a 4500</marc:leader>
   <marc:datafield ind1="1" ind2=" " tag="100">
      <marc:subfield code="a">Boie, Kirsten</marc:subfield>
      <marc:subfield code="4">aut</marc:subfield>
      <marc:subfield code="e">Verfasser/-in</marc:subfield>
   </marc:datafield>
   <marc:datafield ind1="0" ind2="0" tag="245">
      <marc:subfield code="a">Der kleine Ritter Trenk und die ganz großen Abenteuer</marc:subfield>
   </marc:datafield>
   <marc:datafield ind1="0" ind2="0" tag="245">
      <marc:subfield code="c">Boie, Kirsten</marc:subfield>
   </marc:datafield>
   <marc:datafield ind1=" " ind2="1" tag="264">
      <marc:subfield code="a">Hamburg</marc:subfield>
      <marc:subfield code="b">Oetinger</marc:subfield>
      <marc:subfield code="c">2015</marc:subfield>
   </marc:datafield>
   <marc:datafield ind1="1" ind2=" " tag="490">
      <marc:subfield code="a">Mein Lieblingsbuch</marc:subfield>
   </marc:datafield>
   <marc:datafield ind1=" " ind2=" " tag="250">
      <marc:subfield code="a">Einmalige Sonderausg.</marc:subfield>
   </marc:datafield>
   <marc:datafield ind1="1" ind2=" " tag="520">
      <marc:subfield code="a">Der Bauernjunge Trenk konnte vor dem gemeinen Ritter Wertolt dem Wüterich fliehen. Nun lebt er bei dem netten Ritter Hans auf der Burg Hohenlob und soll ebenfalls ein echter Ritter werden. Doch Wertolt gibt einfach niemals Ruhe: Erst will er den Stein der Weisen finden und eine dicke Belohnung dafür bekommen. Und dann versucht er den höchsten Turm im ganzen Land zu bauen. Wer ihm bei seinen Plänen nicht hilft, wird ausgepeitscht. Und hat Wertolt einen schmerzenden Zahnwurm, ja, dann wird er ganz besonders wütend. Aber zusammen mit der mutigen Ritterstochter Thekla und seinen Gauklerfreunden hat Trenk immer die passenden Ideen, um Wertolt zu überlisten ¿</marc:subfield>
   </marc:datafield>
   <marc:datafield ind1=" " ind2=" " tag="020">
      <marc:subfield code="a">9783789120268</marc:subfield>
      <marc:subfield code="9">9783789120268</marc:subfield>
   </marc:datafield>
   <marc:datafield ind1=" " ind2=" " tag="020">
      <marc:subfield code="a">378912026x</marc:subfield>
      <marc:subfield code="9">378912026x</marc:subfield>
   </marc:datafield>
   <marc:datafield ind1=" " ind2=" " tag="041">
      <marc:subfield code="a">ger</marc:subfield>
   </marc:datafield>
   <marc:datafield ind1=" " ind2=" " tag="338">
      <marc:subfield code="a">Band</marc:subfield>
   </marc:datafield>
   <marc:datafield ind1=" " ind2=" " tag="300">
      <marc:subfield code="a">170 S. : zahlr. Ill.</marc:subfield>
   </marc:datafield>
</marc:record>
